A-Z: animals & plants ending in P - Statistics

General Stats
  • This quiz has been taken 16 times
  • The average score is 7 of 25
Answer Stats
Initial letter Clue Organism's name ending in P % Correct
S Prawn Shrimp
85%
T Colourful garden flower associated with Holland Tulip
85%
C Black African ape Chimp
77%
P Plant whose root is a white vegetable like a chunky carrot Parsnip
62%
V Prawn named after a bloodthirsty humanoid monster Vampire shrimp
54%
Q The single large, egg-laying matriarch of a colony of stinging, flying insects Queen wasp
46%
J Stinging insect named after a word for a gem Jewel wasp
38%
B European warbler with a dark section on top of its head Blackcap
31%
G Stinging insect common in Britain, also named after a nationality German wasp
31%
M Butterfly species whose underwing pattern looks like a page from an atlas Map
23%
A Species of a fish associated with ponds, from the area east of Europe Asian carp
15%
H Small stork with an Afrikaans name meaning "hammer head" Hamerkop
15%
O Shark of large seas whose dorsal fin is light-coloured at the top Oceanic whitetip
15%
Y Prawn named after a colour and a hot, flaming phenomenon Yellow fire shrimp
15%
D Butterfly of arid regions which has an amber patch on its outer wing Desert orange-tip
8%
E Relative of the above from oriental regions, and not arid ones Eastern orange-tip
8%
F Stinging flying insect named after a nationality and a writing accessory French paper wasp
8%
I Plant grown in cannabis factories Industrial hemp
8%
K Yellow flower named after a dairy product, whose green, round sections resemble an organ of the body Kidneyleaf buttercup
8%
N Another writing accessory stinging insect, from higher latitudes Northern paper wasp
8%
R Another amber-winged butterfly, from the great uplands of America Rocky Mountain orange-tip
8%
W Light-coloured cannabis plant named after a curry-producing country White Indian hemp
8%
L Large parasitic insect Long-tailed giant ichneumonoid wasp
0%
U Amber-winged butterfly bearing the names of a U.S. state and a brand of Belgian lager Utah Stella orange-tip
0%
Z Black farm animal from Friesland Zwartbles sheep
0%
No matching quizzes found
Score Distribution
Percent of People with Each Score
Percentile by Number Answered
Your Score History
You have not taken this quiz